| 000 | 00456nam a2200181Ia 4500 | ||
|---|---|---|---|
| 005 | 20250423095014.0 | ||
| 008 | 250422s9999 xx 000 0 und d | ||
| 020 | _a9789785270495 | ||
| 050 | _aQA 76.615 .A696/ | ||
| 100 | _aAri, Niyazi | ||
| 245 | 0 | _aDeclarative programming languages | |
| 260 | _aAbuja | ||
| 260 | _bNTNU Publication | ||
| 260 | _c2014 | ||
| 300 | _a115 p | ||
| 650 | _aProgramming languages Computer programming | ||
| 942 | _cBK | ||
| 999 |
_c28949 _d28949 |
||